<?xml version="1.0" encoding="UTF-8"?>
<collection xmlns:xsi="http://www.w3.org/2001/XMLSchema-instance" xsi:schemaLocation="http://www.loc.gov/MARC21/slim http://www.loc.gov/standards/marcxml/schema/MARC21slim.xsd" xmlns="http://www.loc.gov/MARC21/slim">
 <record>
  <leader>00000cmm a22000005i 4500</leader>
  <controlfield tag="001">UP-99796217611190940</controlfield>
  <controlfield tag="003">Buklod</controlfield>
  <controlfield tag="005">20140422110745.0</controlfield>
  <controlfield tag="006">m    go  j        </controlfield>
  <controlfield tag="007">cr cn |||aaaaa</controlfield>
  <controlfield tag="008">110531s2011    xxu        u |      eng d</controlfield>
  <datafield tag="020" ind1=" " ind2=" ">
   <subfield code="a">9781441997920 (eBook)</subfield>
  </datafield>
  <datafield tag="035" ind1=" " ind2=" ">
   <subfield code="a">(iLib)UPD-00214607818</subfield>
  </datafield>
  <datafield tag="040" ind1=" " ind2=" ">
   <subfield code="a">DLC</subfield>
   <subfield code="d">DML</subfield>
  </datafield>
  <datafield tag="041" ind1="0" ind2=" ">
   <subfield code="a">eng</subfield>
  </datafield>
  <datafield tag="042" ind1=" " ind2=" ">
   <subfield code="a">DMLUC</subfield>
  </datafield>
  <datafield tag="084" ind1=" " ind2=" ">
   <subfield code="a">TA349</subfield>
   <subfield code="b">S46 2010eb</subfield>
  </datafield>
  <datafield tag="100" ind1="1" ind2=" ">
   <subfield code="a">Proulx, Tom.</subfield>
   <subfield code="e">editor.</subfield>
  </datafield>
  <datafield tag="245" ind1="1" ind2="0">
   <subfield code="a">Experimental and Applied Mechanics, Volume 6</subfield>
   <subfield code="h">[electronic resource]</subfield>
   <subfield code="b">Proceedings of the 2010 Annual Conference on Experimental and Applied Mechanics</subfield>
   <subfield code="c">edited by Tom Proulx.</subfield>
  </datafield>
  <datafield tag="264" ind1=" " ind2="1">
   <subfield code="a">New York, NY</subfield>
   <subfield code="b">Springer New York</subfield>
   <subfield code="b">Imprint: Springer</subfield>
   <subfield code="c">2011.</subfield>
  </datafield>
  <datafield tag="300" ind1=" " ind2=" ">
   <subfield code="a">1 online resource (xvi, 884 p.)</subfield>
  </datafield>
  <datafield tag="336" ind1=" " ind2=" ">
   <subfield code="a">text</subfield>
   <subfield code="b">txt</subfield>
   <subfield code="2">rdacontent</subfield>
  </datafield>
  <datafield tag="337" ind1=" " ind2=" ">
   <subfield code="a">computer</subfield>
   <subfield code="2">rdamedia</subfield>
  </datafield>
  <datafield tag="338" ind1=" " ind2=" ">
   <subfield code="a">online resource</subfield>
   <subfield code="b">cr</subfield>
   <subfield code="2">rdacarrier</subfield>
  </datafield>
  <datafield tag="490" ind1="0" ind2=" ">
   <subfield code="a">Conference Proceedings of the Society for Experimental Mechanics Series</subfield>
   <subfield code="x">2191-5644</subfield>
  </datafield>
  <datafield tag="520" ind1=" " ind2=" ">
   <subfield code="a">This the sixth volume of six from the Annual Conference of the Society for Experimental Mechanics, 2010, brings together 128 chapters on Experimental and Applied Mechanics. It presents early findings from experimental and computational investigations including High Accuracy Optical Measurements of Surface Topography, Elastic Properties of Living Cells, Standards for Validating Stress Analyses by Integrating Simulation and Experimentation, Efficiency Enhancement of Dye-sensitized Solar Cell, and Blast Performance of Sandwich Composites With Functionally Graded Core.</subfield>
  </datafield>
  <datafield tag="650" ind1=" " ind2="0">
   <subfield code="a">Electronic books.</subfield>
  </datafield>
  <datafield tag="650" ind1=" " ind2="0">
   <subfield code="a">Engineering.</subfield>
  </datafield>
  <datafield tag="650" ind1=" " ind2="0">
   <subfield code="a">Mechanics.</subfield>
  </datafield>
  <datafield tag="650" ind1=" " ind2="0">
   <subfield code="a">Mechanics, applied.</subfield>
  </datafield>
  <datafield tag="650" ind1=" " ind2="0">
   <subfield code="a">Materials.</subfield>
  </datafield>
  <datafield tag="650" ind1=" " ind2="0">
   <subfield code="a">Theoretical and Applied Mechanics.</subfield>
  </datafield>
  <datafield tag="650" ind1=" " ind2="0">
   <subfield code="a">Materials Science, general.</subfield>
  </datafield>
  <datafield tag="710" ind1="2" ind2=" ">
   <subfield code="a">SpringerLink (Online service).</subfield>
  </datafield>
  <datafield tag="856" ind1="4" ind2="0">
   <subfield code="y">Available for University of the Philippines Diliman via SpringerLink. Click here to access</subfield>
   <subfield code="u">http://link.springer.com/book/10.1007/978-1-4419-9792-0</subfield>
  </datafield>
  <datafield tag="905" ind1=" " ind2=" ">
   <subfield code="a">FO</subfield>
  </datafield>
  <datafield tag="950" ind1=" " ind2=" ">
   <subfield code="a">Monograph</subfield>
  </datafield>
  <datafield tag="852" ind1="0" ind2=" ">
   <subfield code="a">UPD</subfield>
   <subfield code="b">DMLR</subfield>
  </datafield>
  <datafield tag="942" ind1=" " ind2=" ">
   <subfield code="a">Electronic Resource</subfield>
  </datafield>
 </record>
</collection>
